| 000 | 00551nam a2200145Ia 4500 | ||
|---|---|---|---|
| 008 | 090122s9999 xx 000 0 und d | ||
| 082 |
_b8173 _a808.899282 |
||
| 100 |
_aशहा _bलीला |
||
| 245 | _aयुगपुरुष डॉ. अल्बर्ट श्याइट्झर | ||
| 600 | _aशहा | ||
| 630 | _aयुगपुरुष डॉ. अल्बर्ट श्याइट्झर | ||
| 700 | _aशहा | ||
| 730 | _aयुगपुरुष डॉ. अल्बर्ट श्याइट्झर | ||
| 942 | _cBOOK | ||
| 999 |
_c32250 _d32250 |
||